000 00442nam a2200181Ia 4500
001 10256
005 20260306161818.0
008 260306t1948||||xx |||||||||||||| ||spa||
041 _aESP
082 _a910.02
_bM27
100 _aMasachs Alavedra, Valentín
_eAUT
245 0 _aEl régimen de los ríos peninsulares
260 _c1948
300 _a79 páginas :
_c24 cm.
650 _aGEN
654 _aCHU
942 _cLIB
_dJUS
_fJUS
_2ddc
_n
999 _c10256
_d10256